| 000 | 00478nam a22001337a 4500 | ||
|---|---|---|---|
| 003 | SGT | ||
| 082 |
_a617.63 _bE24Y |
||
| 100 | _aYadav, Vishesh | ||
| 245 |
_aEvaluation of the relationship of maxillary posterior teeth with floor of maxillary sinus and cortical plate using cone beam computed topography _bA hospital based retrospective study |
||
| 260 |
_aGurugram, Haryana _bSGT University _c2024 |
||
| 300 | _a103 | ||
| 650 | _aOral & Maxillofacial Radiology | ||
| 942 |
_2ddc _cTH |
||
| 999 |
_c30407 _d30407 |
||